| 000 | 00539nam a2200181Ia 4500 | ||
|---|---|---|---|
| 008 | 140527s9999 xx 000 0 und d | ||
| 020 | _a9780273767428 | ||
| 050 |
_aHD 69.P75 _b.P5498 2013 |
||
| 100 | _aPinto, Jeffrey K. | ||
| 245 |
_aProject management : _bachieving competitive advantage / _cJeffrey K. Pinto |
||
| 250 | _a3rd ed. | ||
| 260 |
_aBoston : _bPearson, _cc2013. |
||
| 300 |
_a528 p. : _bcol. ill. ; _c28 cm. |
||
| 500 | _aIncludes glossary, appendix and index. | ||
| 521 | _aBSBA | ||
| 942 |
_kFOR _cBK |
||
| 999 |
_c117421 _d117421 |
||